000
00320 a2200133 4500
082
_a
291.37
090
_c
6114
_d
6114
100
_a
Guenon,Rene.
245
_a
Fundamental Symbols.
_c
Rene Guenon.
260
_a
Lahore.
_b
Suhail Academy.
_c
2001.
300
_a
325p.
500
_a
Hard cover
942
_a
NBS
_c
BK
_k
291.37 GUE
999
_c
348497
_d
348497